=LDR 00000nam 2200000 4500 =001 INLIS000000000017179 =005 20130612112350 =008 ***********************************Ind** =035 ##$$0010-061300000017179 =041 ##$$a Ind =082 ##$$a 633.88 =090 ##$$a 633.88, ul t =100 ##$$a Sulaksana, Jaka =245 ##$$a Tempuyung, budidaya dan pemanfaatan untuk obat, Jaka Sulaksana =260 ##$$a 2004 $b Jakara =300 ##$$a iv, 116 hlm, ilus, 21 cm =650 ##$$a Tanaman Obat =850 ##$$a NBPNMAT